Sistema infrarrojo de detección de objetos

محفوظ في:
التفاصيل البيبلوغرافية
المؤلف الرئيسي: Arce Mazzini, José Rafael
التنسيق: كتاب
منشور في: San José, Costa Rica 1987
الموضوعات:
الوسوم: إضافة وسم
لا توجد وسوم, كن أول من يضع وسما على هذه التسجيلة!

MARC

LEADER 00000nam a2200000Ia 4500
003 004568
005 20221231144346.0
008 140114s1987 cr a m 000 ||s d
040 |c cru CEDI 
090 |a TFG 2065 
100 |a Arce Mazzini, José Rafael  |9 13706 
245 |a Sistema infrarrojo de detección de objetos  
260 |c 1987  |a San José, Costa Rica 
300 |a  [65] hojas : ilustraciones ; 28 cm  
500 |a Proyecto de graduación (bachillerato en ingeniería electrica)--Universidad de Costa Rica 
650 |x OPTOELECTRONICA  |9 13707 
942 |c TFG  |2 ddc 
999 |c 20685  |d 20685